[Event "IsBank TCh-TUR 2013"]
[Site "Denizli TUR"]
[Date "2013.07.06"]
[Round "8.6"]
[White "Kerigan,D"]
[Black "Dogan,A"]
[Result "1/2-1/2"]
[WhiteElo "2262"]
[BlackElo "2179"]

1.e4 e6 2.d4 d5 3.Nd2 Be7 4.Ngf3 Nf6 5.e5 Nfd7 6.Bd3 c5 7.c3 Nc6 8.O-O a5
9.a4 b6 10.Bb5 Na7 11.Bd3 Nc6 12.Re1 cxd4 13.cxd4 Ba6 14.Bxa6 Rxa6 15.Nb1 Ra8
16.Na3 Nb4 17.Re3 Rc8 18.Bd2 O-O 19.Ne1 f6 20.exf6 Bxf6 21.Bxb4 axb4 22.Nb5 e5
23.Qf3 e4 24.Qf5 Nb8 25.Re2 Kh8 26.Qh3 Bh4 27.Qb3 Nc6 28.g3 Be7 29.Ng2 Na5
30.Qd1 Qd7 31.Rc1 Bg5 32.Rxc8 Rxc8 33.Rc2 Nc4 34.h4 Bh6 35.b3 Na5 36.Rxc8+ Qxc8
37.Qh5 Nxb3 38.Qxd5 Nd2 39.Ne1 Qg8 40.Qd7 Nc4 41.Nd6 Nxd6 42.Qxd6 b3 43.Qxb6 Bd2
44.Ng2 h6 45.a5 Bxa5 46.Qxa5 b2 47.Qb5  1/2-1/2

[Event "IsBank TCh-TUR 2013"]
[Site "Denizli TUR"]
[Date "2013.07.06"]
[Round "9.4"]
[White "Kinsiz,O"]
[Black "Haznedaroglu,K"]
[Result "0-1"]
[WhiteElo "2224"]
[BlackElo "2427"]

1.e4 e6 2.d4 d5 3.Nd2 a6 4.Ngf3 c5 5.exd5 exd5 6.dxc5 Bxc5 7.Be2 Nf6 8.O-O O-O
9.Nb3 Ba7 10.Bg5 h6 11.Bh4 Nc6 12.c3 Re8 13.Re1 g5 14.Bg3 Ne4 15.Nfd4 Qf6
16.Bf3 Bd7 17.Nxc6 Bxc6 18.Nd4 Rad8 19.Qd3 Kg7 20.Rad1 Ba4 21.Rc1 Bd7 22.Bc7 Rc8
23.Bxe4 dxe4 24.Qg3 Kh7 25.Rcd1 h5 26.h3 Bc5 27.Re2 h4 28.Qh2 Re7 29.b4 Ba4
30.Nb3 Rcxc7 31.bxc5 Rxc5 32.Qb8 Rxc3 33.Rd6 Qg7 34.Rd5 Bxb3 35.axb3 Rc1+
36.Kh2 Qa1  0-1

[Event "ch-IRL 2013"]
[Site "Limerick IRL"]
[Date "2013.07.06"]
[Round "1.6"]
[White "O'Rourke,R"]
[Black "Redmond,J"]
[Result "0-1"]
[WhiteElo "2023"]
[BlackElo "2217"]

1.e4 e6 2.d4 d5 3.Nd2 Nc6 4.c3 e5 5.Bb5 exd4 6.cxd4 dxe4 7.Qa4 Bd7 8.Ne2 a6
9.Bxc6 Bxc6 10.Qc2 e3 11.Nf3 exf2+ 12.Kxf2 Nf6 13.Re1 Be7 14.Bf4 O-O 15.Rad1 Bxf3
16.gxf3 Nd5 17.Bg3 Bg5 18.Nc3 Nxc3 19.Qxc3 Bh4 20.Re4 Bxg3+ 21.hxg3 Qd6 22.Rh1 Rad8
23.Qd3 h6 24.g4 Rfe8 25.Rxe8+ Rxe8 26.g5 Rd8 27.Rh4 h5 28.Re4 Qh2+ 29.Kf1 Qh3+
30.Ke1 Qg3+ 31.Kd1 Qxg5 32.Qe2 g6 33.Kc2 Qf5 34.Kc1 c5 35.dxc5 Qxc5+ 36.Rc4 Qg5+
37.f4 Qd5 38.b3 Qd7 39.a4 Re8 40.Qf1 Qe7 41.f5 Qa3+ 42.Kc2 Qa2+ 43.Kc3 Re3+
44.Kd4 Qd2+ 45.Kc5 Qa5+ 46.Kd6 Rd3+  0-1

[Event "Pacific Southwest Op"]
[Site "Los Angeles USA"]
[Date "2013.07.06"]
[Round "3"]
[White "Hughes,Austin"]
[Black "Duckworth,W"]
[Result "0-1"]
[WhiteElo "2038"]
[BlackElo "2246"]

1.e4 e6 2.d4 d5 3.Nd2 Nc6 4.Ngf3 Nf6 5.e5 Ne4 6.Bd3 Nxd2 7.Bxd2 Nb4 8.Be2 c5
9.Bxb4 cxb4 10.O-O Be7 11.Rc1 Qa5 12.c4 bxc3 13.bxc3 Bd7 14.c4 dxc4 15.Bxc4 Bc6
16.Nd2 Rd8 17.Nb3 Qb4 18.Qg4 O-O 19.a3 Qxa3 20.Rc3 Qb4 21.Rg3 g6 22.Bd3 a5
23.h4 a4 24.h5 g5 25.h6 axb3 26.Qh5 Rxd4 27.Rxg5+ Kh8 28.Bb1 Bxg5 29.Qxg5 Rg4
30.Qf6+ Kg8 31.f3 Qd4+ 32.Rf2 Rg3 33.Qe7 Qd8 34.Qb4 Bd5 35.Kh2 Qg5 36.Bxh7+ Kxh7
37.Qxf8 Qf4 38.Kg1 b2 39.Rxb2 Qxf3  0-1

[Event "6th ch-Cent SRB Int 2013"]
[Site "Paracin SRB"]
[Date "2013.07.06"]
[Round "2.11"]
[White "Kasparov,S"]
[Black "Carnic,S"]
[Result "1-0"]
[WhiteElo "2470"]
[BlackElo "2341"]

1.e4 e6 2.d4 d5 3.Nd2 a6 4.Ngf3 c5 5.exd5 exd5 6.dxc5 Bxc5 7.Nb3 Ba7 8.Qe2+ Ne7
9.Be3 Bxe3 10.Qxe3 O-O 11.Be2 Re8 12.O-O Ng6 13.Qd2 Nc6 14.Rfe1 Qf6 15.c3 Bg4
16.Nbd4 Nf4 17.Bf1 h6 18.Re3 Rxe3 19.Qxe3 Bxf3 20.Nxf3 Rd8 21.Rd1 Rd6 22.g3 Ne6
23.Bg2 g5 24.Ne1 d4 25.Qf3 Qe7 26.Nc2 dxc3 27.bxc3 Rxd1+ 28.Qxd1 Qc5 29.Qd2 b5
30.Ne3 Ne5 31.h3 Nc4 32.Nxc4 Qxc4 33.Bd5 Qc7 34.Bxe6 fxe6 35.h4 Qe5 36.Qd8+ Kg7
37.Qd7+ Kg8 38.hxg5 hxg5 39.Qc8+ Kg7 40.Qxa6 Qe1+ 41.Kg2 Qe4+ 42.Kf1 Qh1+
43.Ke2 Qe4+ 44.Kd2 Qd5+ 45.Kc1 Qc4 46.Qa7+ Kg6 47.Kd2 b4 48.cxb4 Qxb4+ 49.Kd3 Qb5+
50.Kc3 Qc6+ 51.Kd2 Qd5+ 52.Ke2 Qe4+ 53.Qe3 Qc2+ 54.Qd2 Qe4+ 55.Kd1 Qb1+ 56.Ke2 Qe4+
57.Qe3 Qc2+ 58.Kf3 Qxa2 59.Qe4+ Kf6 60.Qd4+ Kg6 61.Qd3+ Kf6 62.Qd8+ Kg6 63.Qg8+ Kf6
64.Kg4 Qe2+ 65.f3 Qc4+ 66.Kh5 Qd5 67.Qg6+ Ke7 68.Qxg5+ Kd6 69.Qxd5+ exd5
70.f4 d4 71.Kg4 Kd5 72.Kf3 Kc4 73.Ke2 Kc3 74.Kd1  1-0

[Event "ch-BEL Open 2013"]
[Site "Antwerp BEL"]
[Date "2013.07.07"]
[Round "2.16"]
[White "Gorshkova,I"]
[Black "Hiel,L"]
[Result "1-0"]
[WhiteElo "2134"]
[BlackElo "1874"]

1.e4 e6 2.d4 d5 3.Nd2 a6 4.Ngf3 c5 5.c3 cxd4 6.cxd4 Nc6 7.Bd3 dxe4 8.Nxe4 Be7
9.O-O Nf6 10.a3 O-O 11.Nc3 b5 12.Be3 Bb7 13.Qe2 Qc7 14.Rac1 Rac8 15.Rfd1 Rfd8
16.Ne4 Ng4 17.Nc5 Nf6 18.b4 Nd5 19.Bd2 Bf6 20.Qe4 g6 21.Bg5 Qe7 22.Bxf6 Nxf6
23.Qh4 Kg7 24.Bb1 Rc7 25.Nxb7  1-0

[Event "41st Annual World Open"]
[Site "Arlington USA"]
[Date "2013.07.07"]
[Round "8.7"]
[White "Izoria,Z"]
[Black "Holt,C"]
[Result "0-1"]
[WhiteElo "2574"]
[BlackElo "2530"]

1.e4 e6 2.d4 d5 3.Nd2 Be7 4.Ngf3 Nf6 5.Bd3 c5 6.e5 Nfd7 7.c3 Nc6 8.O-O g5
9.Bb1 g4 10.Ne1 h5 11.Nb3 c4 12.Nd2 b5 13.a3 Qb6 14.Kh1 Bb7 15.Nc2 a5 16.f4 b4
17.axb4 axb4 18.Rxa8+ Bxa8 19.f5 bxc3 20.bxc3 Qa5 21.Nxc4 dxc4 22.Bd2 Nb6
23.Ne3 Nd8 24.Qe2 Bc6 25.Bc2 Rg8 26.f6 Bf8 27.Rb1 Qa6 28.Qe1 g3 29.hxg3 h4
30.g4 Bh6 31.d5 Nxd5 32.Nxd5 Bxd5 33.Bxh6 Rxg4 34.Rd1 h3 35.Rxd5 hxg2+ 36.Kg1 exd5
37.Be3 Ne6 38.Qd1 Rg3 39.Ba4+ Kf8 40.Qh5 Kg8 41.Qd1 Ng5 42.Kh2 Qe6  0-1

[Event "41st Annual World Open"]
[Site "Arlington USA"]
[Date "2013.07.07"]
[Round "9.7"]
[White "Panchanathan,M"]
[Black "Shulman,Y"]
[Result "0-1"]
[WhiteElo "2570"]
[BlackElo "2542"]

1.e4 e6 2.d4 d5 3.Nd2 a6 4.Ngf3 c5 5.exd5 exd5 6.dxc5 Bxc5 7.Nb3 Bb6 8.Bd3 Qe7+
9.Qe2 Bg4 10.Qxe7+ Nxe7 11.Ne5 Bf5 12.O-O f6 13.Bxf5 Nxf5 14.Nd3 Nc6 15.a4 O-O-O
16.Bd2 Rhe8 17.Rfe1 Re4 18.Bc3 Nd6 19.Kf1 Rh4 20.h3 a5 21.Re2 Re4 22.Rxe4 dxe4
23.Ndc5 Re8 24.Rd1 Kc7 25.Rd5 h6 26.Ke2 Re7 27.Bd4 Nc4 28.Bc3 Nd6 29.g4 Nf7
30.Nd2 Ng5 31.h4 Nh3 32.Rf5 g6 33.Bxf6 gxf5 34.Bxe7 Nxe7 35.Ne6+ Kd6  0-1

[Event "36th Barbera Open"]
[Site "Barbera del Valles ESP"]
[Date "2013.07.07"]
[Round "4.8"]
[White "Asis Gargatagli,H"]
[Black "Rishi,S"]
[Result "1-0"]
[WhiteElo "2487"]
[BlackElo "2316"]

1.e4 e6 2.d4 d5 3.Nd2 Be7 4.Ngf3 Nf6 5.e5 Nfd7 6.Bd3 c5 7.c3 b6 8.O-O Ba6
9.Ne1 O-O 10.Qg4 Bxd3 11.Nxd3 Nc6 12.Nf3 Kh8 13.Be3 Rc8 14.a3 a5 15.h4 a4
16.Ng5 Qe8 17.f4 Bxg5 18.hxg5 f5 19.exf6 gxf6 20.dxc5 bxc5 21.Nxc5 Nxc5 22.Bxc5 Rg8
23.Rae1 f5 24.Qd1 h6 25.Re3 hxg5 26.Bd4+ Nxd4 27.Rh3+ Kg7 28.Qxd4+ Kf8 29.Rh7  1-0

[Event "36th Barbera Open"]
[Site "Barbera del Valles ESP"]
[Date "2013.07.07"]
[Round "4.7"]
[White "Perez Manas,B"]
[Black "Prasca Sosa,R"]
[Result "0-1"]
[WhiteElo "2307"]
[BlackElo "2426"]

1.e4 e6 2.d4 d5 3.Nd2 Be7 4.e5 c5 5.Ndf3 Nc6 6.c3 cxd4 7.cxd4 Qb6 8.Bd3 Nh6
9.Ne2 Nf5 10.O-O h6 11.b3 Bd7 12.Bb2 g5 13.Nc3 Qa5 14.a3 Bc8 15.b4 Qd8 16.Na4 h5
17.b5 Na5 18.Bc3 Nc4 19.Qb3 g4 20.Ne1 b6 21.Nb2 h4 22.Nc2 Bb7 23.Bxf5 exf5
24.Ne3 Qd7 25.Nd3 Bg5 26.Rae1 Qe6 27.Nb4 Rc8 28.Nxc4 Rxc4 29.f4 Be7 30.Nd3 h3
31.g3 O-O 32.Nb2 Rfc8 33.Nd1 a5 34.Bb2 R8c7 35.Ne3 Bc8 36.Qd3 Bd7 37.Rf2 Bf8
38.Qb1 Bc8 39.Rd2 Qd7 40.Qd3 a4 41.Red1 Bg7 42.Rf2 Qxb5 43.Nxf5 Rc1 44.Qxb5 Rxd1+
45.Rf1 Rxf1+ 46.Kxf1 Bxf5 47.Qxd5 Rc2 48.Qd8+ Kh7 49.Qh4+ Kg8 50.Qg5 Bd3+
51.Kg1 Rg2+ 52.Kh1 Rxb2 53.Kg1 Rg2+ 54.Kh1 Be4 55.Qd8+ Kh7 56.Qh4+ Bh6  0-1

[Event "33rd Benasque Open"]
[Site "Benasque ESP"]
[Date "2013.07.08"]
[Round "5.8"]
[White "Naroditsky,D"]
[Black "Arizmendi Martinez,J"]
[Result "1-0"]
[WhiteElo "2486"]
[BlackElo "2580"]

1.e4 e6 2.d4 d5 3.Nd2 Be7 4.Ngf3 Nf6 5.e5 Nfd7 6.Bd3 c5 7.c3 b6 8.Ne4 a5
9.Nd6+ Bxd6 10.exd6 Ba6 11.Bf4 Bxd3 12.Qxd3 Nc6 13.O-O c4 14.Qe2 b5 15.b3 O-O
16.a4 Nb6 17.axb5 Na7 18.Qb2 Nxb5 19.bxc4 Nxd6 20.c5 Nbc4 21.Qc2 Nb5 22.Qb3 Na7
23.Qa4 Qe8 24.Ne5 Qxa4 25.Rxa4 Nxe5 26.Bxe5 Nb5 27.Rc1 f6 28.Bf4 Rfc8 29.Bd2 e5
30.Rca1 Rcb8 31.Kf1 Kf7 32.Ke2 Ke6 33.Kd3 Nc7 34.Rxa5 Rxa5 35.Rxa5 Kd7 36.Kc2 Ra8
37.c4 dxc4 38.Rxa8 Nxa8 39.dxe5 fxe5 40.Kc3 Kc6 41.Kxc4 Nc7 42.Bc3 Ne6 43.Bxe5 g5
44.Bd6 g4 45.f4 gxf3 46.gxf3 Ng5 47.f4 Ne4 48.Kd4 Nxd6 49.cxd6 Kxd6 50.f5 Ke7
51.Ke5 Kf7 52.f6 h5 53.h4  1-0

[Event "33rd Benasque Open"]
[Site "Benasque ESP"]
[Date "2013.07.08"]
[Round "5.7"]
[White "Illescas Cordoba,M"]
[Black "Garza Marco,S"]
[Result "1/2-1/2"]
[WhiteElo "2613"]
[BlackElo "2462"]

1.e4 e6 2.d4 d5 3.Nd2 Be7 4.e5 c5 5.c3 Nc6 6.Ndf3 Qa5 7.dxc5 Qc7 8.Bf4 Bxc5
9.Bd3 Nge7 10.Bg3 Ng6 11.Qe2 Bd7 12.h4 Nge7 13.a3 h6 14.Nd2 a5 15.Ngf3 a4
16.O-O g5 17.b4 axb3 18.Nxb3 Bb6 19.Nfd4 Nxd4 20.cxd4 Nc6 21.hxg5 hxg5 22.Rfc1 Qd8
23.Nc5 Nxd4 24.Qb2 Bxc5 25.Rxc5 b6 26.Rcc1 Ra4 27.f3 Qb8 28.Rd1 g4 29.f4 Rh5
30.Rac1 b5 31.Bf2 Nf5 32.Bxf5 Rxf5 33.g3 Rh5 34.Qe2 Rh8 35.Qxg4 Qxe5 36.fxe5 Rxg4
37.Rc7 Rc4 38.Rxc4 dxc4 39.Rd6 Rh5 40.Bd4  1/2-1/2

[Event "ch-BEL Open 2013"]
[Site "Antwerp BEL"]
[Date "2013.07.09"]
[Round "4.19"]
[White "Haberkorn,D"]
[Black "Hiel,L"]
[Result "1-0"]
[WhiteElo "2126"]
[BlackElo "1874"]

1.e4 e6 2.d4 d5 3.Nd2 a6 4.Ngf3 c5 5.exd5 exd5 6.c3 Nc6 7.dxc5 Bxc5 8.Nb3 Bb6
9.Bd3 Nf6 10.O-O O-O 11.Bg5 Bg4 12.Be2 Qd6 13.Nbd2 Rfe8 14.Nc4 Qc7 15.Nxb6 Qxb6
16.Bxf6 gxf6 17.Qd2 Ne5 18.Nd4 Nc4 19.Bxc4 dxc4 20.Rfe1 Qd6 21.Re3 Rxe3 22.Qxe3 Qe5
23.Qg3 Qxg3 24.hxg3 Re8 25.f3 Be6 26.Kf2 Kg7 27.Re1 Kg6 28.f4 Bd7 29.Rd1 Re7
30.Rd2 Bf5 31.Nf3 Be4 32.Nh4+ Kg7 33.Rd4 Bd3 34.Rxd3 cxd3 35.Nf5+ Kf8 36.Nxe7  1-0

[Event "Styrian Open A 2013"]
[Site "Bad Gleichenberg AUT"]
[Date "2013.07.09"]
[Round "4.13"]
[White "Cretnik,Urban"]
[Black "Schneider Zinner,H"]
[Result "1-0"]
[WhiteElo "1820"]
[BlackElo "2355"]

1.e4 e6 2.d4 d5 3.Nd2 a6 4.c3 c5 5.exd5 cxd4 6.Qa4+ Bd7 7.Qxd4 exd5 8.Qxd5 Nf6
9.Qg5 h6 10.Qe5+ Be7 11.Nc4 O-O 12.Bf4 b5 13.Ne3 Nc6 14.Qc7 Qe8 15.Be2 Bc5
16.Bxh6 gxh6 17.Qg3+ Kh8 18.Qf4 Ng8 19.O-O-O Bxe3+ 20.fxe3 Qe5 21.Rxd7 Qe6
22.Rd6 Qxa2 23.Bd3 f6 24.Rxc6 Rad8 25.Rd6 b4 26.Qf5 Rf7 27.Rxd8 bxc3 28.bxc3 Rc7
29.Ne2  1-0

[Event "120th ch-SCO 2013"]
[Site "Helensburgh SCO"]
[Date "2013.07.09"]
[Round "4.14"]
[White "Roy,Ali"]
[Black "Stone,A ENG"]
[Result "1/2-1/2"]
[WhiteElo "1882"]
[BlackElo "2190"]

1.e4 e6 2.d4 d5 3.Nd2 Be7 4.c3 c5 5.dxc5 Bxc5 6.Bd3 Nc6 7.Ngf3 Nf6 8.O-O O-O
9.Nb3 Nd7 10.Bf4 Be7 11.e5 f5 12.exf6 Nxf6 13.Re1 Nh5 14.Be5 Nxe5 15.Nxe5 Nf4
16.Bc2 Bd6 17.Nd4 Bxe5 18.Rxe5 Qf6 19.Nf3 Bd7 20.Re3 Be8 21.Qd4 Bh5 22.Qxf6 gxf6
23.g3 Bxf3 24.Rxf3 Ng6  1/2-1/2

[Event "Commonwealth & RSA Open"]
[Site "Port Elizabeth RSA"]
[Date "2013.07.09"]
[Round "5.12"]
[White "Whittet,Andrew N."]
[Black "Grover,S"]
[Result "1/2-1/2"]
[WhiteElo "1861"]
[BlackElo "2487"]

1.e4 e6 2.d4 d5 3.Nd2 Nc6 4.Ngf3 Nf6 5.e5 Nd7 6.c3 f6 7.Bb5 a6 8.Bxc6 bxc6
9.O-O fxe5 10.dxe5 g6 11.Qa4 Nc5 12.Qd4 a5 13.Nb3 Ne4 14.Bf4 Ba6 15.Rfe1 Rb8
16.h4 Be7 17.Ng5 c5 18.Qa4+ Bb5 19.Qxa5 Nxg5 20.Bxg5 Bxg5 21.hxg5 O-O 22.Nxc5 Qe7
23.b4 Rf5 24.Re3 c6 25.Nd3 Rbf8 26.Qb6 Qxg5 27.a4 Bc4 28.a5 Qh4 29.Rh3 Qe7
30.Re1 Qg7  1/2-1/2

[Event "IsBank TCh-TUR 2013"]
[Site "Denizli TUR"]
[Date "2013.07.10"]
[Round "13.4"]
[White "Isik,E"]
[Black "Haznedaroglu,K"]
[Result "1-0"]
[WhiteElo "2215"]
[BlackElo "2427"]

1.e4 e6 2.d4 d5 3.Nd2 a6 4.e5 c5 5.dxc5 Nd7 6.Ngf3 Qc7 7.b4 a5 8.c3 b6 9.cxb6 Qxc3
10.Rb1 axb4 11.Bb5 Rxa2 12.Bb2 Rxb2 13.Rc1 Bc5 14.b7 Bxb7 15.Bxd7+ Kxd7 16.Rxc3 bxc3
17.Ne4 Bb6 18.O-O c2 19.Qa1 Rb4 20.Nd6 Bc6 21.Nxf7 Nh6 22.Nxh8 Ng4 23.h3 Nxf2
24.Kh2 Rc4 25.Nd2 Bd4 26.Qa3 Bxe5+ 27.Kg1 Ra4 28.Qf8 Bd4 29.Nb3 Bb6 30.Nc5+ Kc7
31.Qe7+ Kb8 32.Qd6+ Ka7 33.Qxc6  1-0

[Event "120th ch-SCO 2013"]
[Site "Helensburgh SCO"]
[Date "2013.07.11"]
[Round "6.18"]
[White "Roy,Ali"]
[Black "Buchanan,W"]
[Result "0-1"]
[WhiteElo "1882"]
[BlackElo "2119"]

1.e4 e6 2.d4 d5 3.Nd2 Nc6 4.Ngf3 Nf6 5.e5 Nd7 6.c3 f6 7.exf6 Qxf6 8.Nb3 Bd6
9.Bd3 O-O 10.Bg5 Qf7 11.Qc2 Nf6 12.O-O Qh5 13.Nbd2 e5 14.dxe5 Nxe5 15.Be2 Nxf3+
16.Nxf3 Ne4 17.Bh4 Rxf3 18.Bxf3 Qxh4 19.g3 Qf6 20.Bxe4 dxe4 21.Qxe4 Bh3 22.Qd5+ Kh8
23.Rfd1 Rf8 24.Rd2 b6 25.Qh5 Qe6 26.Qe2 Qd7 27.Qe4 Re8 28.Qf3 Qe6 29.Qe3 Qxe3
30.fxe3 Bc5 31.Rd5 Bxe3+ 32.Kh1 Bc8 33.Rad1 Bb7 34.Kg2 Bc5 35.Kf1 Bxd5 36.Rxd5 Kg8
37.b4 Bd6 38.a4 Kf7 39.a5 Re5  0-1

[Event "120th ch-SCO 2013"]
[Site "Helensburgh SCO"]
[Date "2013.07.11"]
[Round "6.12"]
[White "Tate,A"]
[Black "Stone,A ENG"]
[Result "1-0"]
[WhiteElo "2277"]
[BlackElo "2190"]

1.e4 e6 2.d4 d5 3.Nd2 Be7 4.Bd3 Nc6 5.Ngf3 Nb4 6.Be2 c5 7.c3 Nc6 8.exd5 exd5
9.dxc5 Bxc5 10.Nb3 Bb6 11.O-O Nf6 12.Bg5 Be6 13.Nbd4 O-O 14.Qd3 Bg4 15.Rae1 Qd6
16.Nb5 Qd7 17.Bxf6 gxf6 18.Nbd4 Bh5 19.Qd2 Bc7 20.Nh4 Bg6 21.g3 Rfe8 22.Bd1 Re5
23.Ng2 Rae8 24.Ne3 Re4 25.Bb3 Nxd4 26.cxd4 Bd8 27.Nxd5 Kg7 28.Re3 Rxe3 29.fxe3 Be4
30.Nc3 b5 31.Nxe4 Rxe4 32.Bc2 Re6 33.Qd3 Kf8 34.Bb3 Rd6 35.Qxh7 Bb6 36.Rf4  1-0

[Event "3rd SPAChess Open"]
[Site "Amsterdam NED"]
[Date "2013.07.12"]
[Round "7.15"]
[White "Van der Lende,I"]
[Black "Koelewijn,Alex"]
[Result "1-0"]
[WhiteElo "2198"]
[BlackElo "2060"]

1.e4 e6 2.d4 d5 3.Nd2 Nc6 4.Ngf3 Nf6 5.e5 Nd7 6.Be2 f6 7.exf6 Qxf6 8.Nf1 Bd6
9.Ne3 O-O 10.O-O Qg6 11.g3 Nf6 12.Nh4 Qf7 13.f4 b6 14.c3 a5 15.Nf3 Ba6 16.Bxa6 Rxa6
17.Ng5 Qd7 18.Ng4 h6 19.Nxf6+ Rxf6 20.Qd3 hxg5 21.Qxa6 gxf4 22.Bxf4 Bxf4
23.Rxf4 Rxf4 24.gxf4 e5 25.Qe2 exd4 26.Re1 dxc3 27.bxc3 Kf7 28.f5 Ne7 29.Qe6+ Qxe6
30.fxe6+ Kf6 31.Kf2 Nf5 32.Kf3 Nh4+ 33.Kg4 Ng6 34.h4 Ne7 35.a4 g6 36.Rf1+ Kxe6
37.Kg5 c5 38.Re1+ Kf7 39.Rb1 d4 40.cxd4 cxd4 41.Rxb6  1-0

[Event "23rd Heart of FIN"]
[Site "Jyvaskyla FIN"]
[Date "2013.07.12"]
[Round "7.11"]
[White "Agopov,M"]
[Black "Lindborg,Pe"]
[Result "1-0"]
[WhiteElo "2429"]
[BlackElo "2195"]

1.e4 e6 2.d4 d5 3.Nd2 Nc6 4.Ngf3 Nf6 5.e5 Nd7 6.c3 f6 7.Bb5 fxe5 8.dxe5 Be7
9.Nd4 Ndxe5 10.f4 a6 11.Qh5+ Kd7 12.Bxc6+ Nxc6 13.N2f3 Qe8 14.Qh3 Bf6 15.Be3 b6
16.O-O-O Nxd4 17.Bxd4 Kc6 18.Rhe1 Kb7 19.f5 e5 20.Bxe5 Qa4 21.Nd4 Qxa2 22.Bxf6 gxf6
23.Re7 Qa1+ 24.Kc2 Qa4+ 25.b3 Qa2+ 26.Kd3 Qf2 27.g3 Qb2 28.Qh6 Re8 29.Rxe8 Bxf5+
30.Nxf5 Rxe8 31.Nd4 c5 32.Qg7+ Ka8 33.Qf7 Re3+ 34.Kxe3 cxd4+ 35.Kf3 Qxc3+
36.Kg4 Qc8+ 37.Kh4 Qf5 38.Qe8+ Kb7 39.Qe7+ Kc6 40.Qe2 Qg5+ 41.Kh3 Qe5 42.Qc2+ Kb5
43.Qxh7 Qe6+ 44.Kh4 f5 45.Rf1 d3 46.Qxf5 Qxf5 47.Rxf5 Kc5 48.Kg4 d2 49.Rf1 Kb4
50.Kf3 Kxb3 51.Ke2 a5 52.Kxd2  1-0

[Event "7th LCT 2013"]
[Site "Leiden NED"]
[Date "2013.07.12"]
[Round "1.35"]
[White "Van der Togt,Twan"]
[Black "Roorda,T"]
[Result "1/2-1/2"]
[WhiteElo "1880"]
[BlackElo "2088"]

1.e4 e6 2.d4 d5 3.Nd2 a6 4.c3 c5 5.exd5 cxd4 6.dxe6 Bxe6 7.Nb3 dxc3 8.Qxd8+ Kxd8
9.bxc3 Nd7 10.Nf3 Rc8 11.Bb2 Be7 12.Nfd4 Bf6 13.Nxe6+ fxe6 14.Nd4 Nh6 15.Nxe6+ Ke7
16.Nf4 Nb6 17.Be2 Kf7 18.O-O Na4 19.Rab1 b5 20.Nd5 Rhd8 21.Nxf6 gxf6 22.Bf3 Nxb2
23.Rxb2 Rxc3 24.Bb7 Rd6 25.h3 f5 26.Re1 Rc7 27.Bf3 Kf6 28.Ree2  1/2-1/2

[Event "43rd Nat Jun ch-IND U19"]
[Site "Lucknow IND"]
[Date "2013.07.12"]
[Round "4.6"]
[White "Patil,Pr2"]
[Black "Yogesh,Ga"]
[Result "1-0"]
[WhiteElo "2238"]
[BlackElo "2082"]

1.e4 e6 2.d4 d5 3.Nd2 Nc6 4.Ngf3 Nf6 5.e5 Nd7 6.Be2 f5 7.exf6 Qxf6 8.Nf1 Bd6
9.Ng3 b6 10.O-O h6 11.c4 Bb7 12.Be3 O-O-O 13.Qa4 Ndb8 14.Rac1 a6 15.cxd5 exd5
16.Qc2 g5 17.Nh5 Qf7 18.Ne5 Nxe5 19.dxe5 Bxe5 20.Bg4+ Nd7 21.Bxb6 Kb8 22.Bxc7+ Bxc7
23.Qxc7+ Ka8 24.Ng3 Rhf8 25.Qa5 Ne5 26.Be2 Qf6 27.Rc7 Rc8 28.Rxb7 Kxb7 29.Qxd5+ Ka7
30.Ne4 Qe7 31.Qd4+ Ka8 32.Bxa6 Rc7 33.Nc3 Qc5 34.Qe4+ Ka7 35.Be2 Rcf7 36.Qa4+ Kb8
37.Ne4 Qb6 38.Qa3 Rf4 39.Nc5 Rc8 40.Na6+  1-0

[Event "XV Sant Marti Open A"]
[Site "Barcelona ESP"]
[Date "2013.07.13"]
[Round "1.17"]
[White "Satyapragyan,S"]
[Black "Heredia Tarrats,A"]
[Result "1-0"]
[WhiteElo "2464"]
[BlackElo "2098"]

1.e4 e6 2.d4 d5 3.Nd2 Be7 4.c3 c5 5.e5 Nc6 6.Bd3 Nh6 7.Ne2 f6 8.exf6 Bxf6
9.dxc5 e5 10.O-O O-O 11.Bc2 Bg4 12.f3 Be6 13.Nb3 Qe7 14.Ng3 Rad8 15.Qd3 e4
16.fxe4 Ne5 17.Qe2 Bg4 18.Qe1 Bh4 19.Rxf8+ Rxf8 20.Bxh6 gxh6 21.exd5 Bf3
22.Nd4 Bxd5 23.Ngf5 Qg5 24.Nxh4 Rf4 25.Bb3 Bxb3 26.axb3 Rxh4 27.Qe2 Rg4 28.Re1  1-0

[Event "7th LCT 2013"]
[Site "Leiden NED"]
[Date "2013.07.13"]
[Round "2.4"]
[White "Dahm,J"]
[Black "Nikolic,Pr"]
[Result "0-1"]
[WhiteElo "2304"]
[BlackElo "2622"]

1.e4 e6 2.d4 d5 3.Nd2 a6 4.Ngf3 c5 5.c3 Nc6 6.Bd3 cxd4 7.cxd4 Nb4 8.Bb1 dxe4
9.Nxe4 Be7 10.Ne5 Nd5 11.Qh5 Bb4+ 12.Ke2 g6 13.Qf3 f6 14.Nd3 Be7 15.h4 Bd7
16.Nc3 Bc6 17.Nf4 Nxf4+ 18.Qxf4 Bxg2 19.Rg1 Bc6 20.a3 Qd7 21.Ba2 Rd8 22.Rd1 Bd5
23.Nxd5 exd5 24.Qf3 f5 25.h5 Nf6 26.Rh1 Kf7 27.b4 Ne4 28.Qd3 Rc8 29.Bd2 Bg5
30.hxg6+ hxg6 31.Bxg5 Nxg5 32.f3 Ne6 33.Kd2 Qd6 34.Rxh8 Rxh8 35.Re1 Rh2+  0-1

[Event "7th LCT 2013"]
[Site "Leiden NED"]
[Date "2013.07.13"]
[Round "2.3"]
[White "Van den Doel,E"]
[Black "Pijpers,A"]
[Result "1/2-1/2"]
[WhiteElo "2582"]
[BlackElo "2338"]

1.e4 e6 2.d4 d5 3.Nd2 Be7 4.Ngf3 Nf6 5.e5 Nfd7 6.c3 c5 7.Bd3 Nc6 8.O-O a5
9.a4 O-O 10.Re1 Qb6 11.Nf1 cxd4 12.cxd4 f5 13.Bb5 Rf7 14.Ng3 Nf8 15.Ne2 Qd8
16.Nf4 Bd7 17.h4 Bxh4 18.Nxh4 Qxh4 19.Ra3 Nb4 20.Be2 Rc8 21.Rc3 Qd8 22.Bh5 g6
23.Bf3 Qe8 24.Nh3 Rxc3 25.bxc3 Bxa4 26.Qd2 Na6 27.Ba3 Nc7 28.Ra1 b6 29.Qh6 Bc6
30.Ng5 Rg7 31.Rb1 b5 32.Bd6 Qc8 33.Ra1 a4 34.g3 Rd7 35.Ba3 Na6 36.Kg2 b4
37.cxb4 Bb5 38.g4 f4 39.Rc1 Rc7 40.Rxc7 Qxc7 41.Qh2 Qe7 42.Qxf4 Nb8 43.Bd1 Nbd7
44.Qc1 Nb6 45.Qc5 Qxg5 46.Bc1 Nfd7 47.Bxg5 Nxc5 48.bxc5 Nc4 49.Bc1 Kf7 50.Be2 Ke7
51.g5 Kd7 52.Kf1 a3 53.Bxc4 Bxc4+  1/2-1/2

[Event "2nd Ideon Andron Open 2013"]
[Site "Anogia GRE"]
[Date "2013.07.14"]
[Round "6.3"]
[White "Pap,M"]
[Black "Markidis,K"]
[Result "0-1"]
[WhiteElo "2489"]
[BlackElo "2376"]

1.e4 e6 2.d4 d5 3.Nd2 Be7 4.e5 c5 5.c3 Nc6 6.Bd3 cxd4 7.cxd4 Qb6 8.Ndf3 Bd7
9.Ne2 Nb4 10.Bb1 Bb5 11.Nc3 Bc4 12.b3 Ba6 13.a3 Nc6 14.b4 Rc8 15.Na4 Qb5
16.Nc5 Bxc5 17.bxc5 b6 18.a4 Qc4 19.Ba2 Qd3 20.Qxd3 Bxd3 21.cxb6 axb6 22.Bb1 Bc4
23.Bb2 Nge7 24.h4 O-O 25.Rh3 f6 26.exf6 Rxf6 27.Ne5 Nxe5 28.dxe5 Rf7 29.h5 Nc6
30.Rh4 Rcf8 31.f3 Rf4 32.Rh1 Bb3 33.h6 g6 34.Kd2 Rc8 35.Rc1 Rh4 36.Bc2 Na5
37.Bd3 Bc4 38.Rh1 Nb3+ 39.Ke3 Rxh1 40.Rxh1 Bxd3 41.Kxd3 Rc4 42.Ba3 Rxa4 43.Bd6 Na5
44.Kc3 Kf7 45.Bb4 d4+  0-1

[Event "V4 Int Open ch-SVK 2013"]
[Site "Banska Stiavnica SVK"]
[Date "2013.07.14"]
[Round "9.54"]
[White "Kavon,Rastislav"]
[Black "Chlpik,Martin"]
[Result "1-0"]
[WhiteElo "1994"]
[BlackElo "2125"]

1.e4 e6 2.d4 d5 3.Nd2 Nc6 4.c3 Qe7 5.Ngf3 Bd7 6.Bd3 g5 7.Nb3 g4 8.Nfd2 O-O-O
9.O-O h5 10.Nc5 Qf6 11.e5 Qg7 12.b4 Nh6 13.Qa4 Bxc5 14.bxc5 Rdg8 15.g3 h4
16.Re1 hxg3 17.fxg3 Nf5 18.Qc2 Rh5 19.Bxf5 exf5 20.Nf1 Nd8 21.Rb1 Ne6 22.Bf4 Nxf4
23.gxf4 Rgh8 24.Re3 Qh6 25.Qf2 a6 26.Rb2 g3 27.Rxg3 Rh4 28.Qg2 Be6 29.Rf2 Rh7
30.Qf3 Kd7 31.Rgg2 Ke7 32.Qe3 Qh5 33.Qf3 Rg4 34.Rxg4 fxg4 35.Qe2 Bd7 36.Ng3 Qh6
37.Qd2 Kd8 38.f5 Qg7 39.Qf4 Rh6 40.Rb2 b5 41.Rg2 Rh4 42.Re2 Rh6 43.Rg2 Rh4
44.Nf1 Qh6 45.Qxh6 Rxh6 46.Ne3 Rh3 47.Rg3 Rxg3+ 48.hxg3 c6 49.a3 a5 50.Kf2 Kc7
51.Nxg4 Bxf5 52.Ne3 Be4 53.g4 Kd7 54.Kg3 Ke6 55.Kf4 Bd3 56.Nf5 Bc2 57.Nd6 a4
58.Nf5 Bd3 59.Ne3 Bb1 60.Kg5 Bd3 61.Kh6 Be4 62.Kg7 Ke7 63.Nf5+ Ke6 64.Nd6 Bf3
65.Nxf7 Bxg4 66.Ng5+ Kf5 67.e6 Kxg5 68.e7 Bd7 69.Kf8 Kf4 70.e8=Q Bxe8 71.Kxe8 Ke4
72.Kd7 b4 73.cxb4 Kxd4 74.b5 cxb5 75.c6 Kc3 76.c7 Kb3 77.c8=Q Kxa3 78.Qc3+ Ka2
79.Qd2+ Ka1 80.Qb4 Ka2 81.Qxb5 a3 82.Qxd5+ Ka1 83.Qd1+ Ka2 84.Qd4  1-0

[Event "2nd Ideon Andron Open 2013"]
[Site "Anogia GRE"]
[Date "2013.07.15"]
[Round "7.11"]
[White "Skaperdas,K"]
[Black "Vazelakis,D"]
[Result "1-0"]
[WhiteElo "2141"]
[BlackElo "1982"]

1.e4 e6 2.d4 d5 3.Nd2 Be7 4.Bd3 c5 5.dxc5 Nf6 6.Qe2 Nc6 7.Ngf3 Bxc5 8.O-O O-O
9.e5 Nd7 10.Nb3 Be7 11.c3 f6 12.exf6 Nxf6 13.Nbd4 Nxd4 14.Nxd4 e5 15.Qxe5 Bd6
16.Qg5 Ng4 17.Qxd8 Bxh2+ 18.Kh1 Rxd8 19.g3 h5 20.Be2 h4 21.Bxg4 hxg3 22.Bxc8 Raxc8
23.Kg2 Rf8 24.Bg5  1-0

[Event "Corporation Cup 2013"]
[Site "Izhevsk RUS"]
[Date "2013.07.16"]
[Round "5.8"]
[White "Khayrullin,D"]
[Black "Demidov,M"]
[Result "0-1"]
[WhiteElo "2357"]
[BlackElo "2465"]

1.e4 e6 2.d4 d5 3.Nd2 Be7 4.Bd3 c5 5.dxc5 Nf6 6.Qe2 Nc6 7.c3 O-O 8.Ngf3 a5
9.O-O Nd7 10.Rd1 Nxc5 11.Bc2 b6 12.exd5 Ba6 13.Qe3 exd5 14.Nb3 Re8 15.Nbd4 Nxd4
16.Nxd4 Bf6 17.Qh3 g6 18.Be3 Qd6 19.Qh6 Rad8 20.Bf4 Be5 21.Bxe5 Rxe5 22.Qh4 Rde8
23.f3 Ne6 24.Re1 Nxd4 25.cxd4 Re2 26.Bb3 Qb4 27.Rxe2 Rxe2 28.Qd8+ Kg7 29.Qxd5 Qd2
30.Qxf7+ Kh6 31.Qf8+ Kh5 32.g4+ Kh4  0-1